<?xml version="1.0" encoding="UTF-8"?>
<collection xmlns="http://www.loc.gov/MARC21/slim">
  <record>
    <leader>00000nam  2200000   4500</leader>
    <controlfield tag="001">000140</controlfield>
    <datafield tag="020" ind1=" " ind2=" ">
      <subfield code="9">786026724496</subfield>
    </datafield>
    <datafield tag="082" ind1=" " ind2=" ">
      <subfield code="4">20.000</subfield>
    </datafield>
    <datafield tag="100" ind1=" " ind2=" ">
      <subfield code="F">itri Rahmawati</subfield>
    </datafield>
    <datafield tag="245" ind1=" " ind2=" ">
      <subfield code="N">gomong bahasa inggris itu mudah dan gampang</subfield>
    </datafield>
    <datafield tag="250" ind1=" " ind2=" ">
      <subfield code="C">etakan II</subfield>
    </datafield>
    <datafield tag="264" ind1=" " ind2=" ">
      <subfield code="B">andung: BCI Media 2022</subfield>
    </datafield>
    <datafield tag="300" ind1=" " ind2=" ">
      <subfield code="v">iii, 120 halaman; 19 cm.</subfield>
    </datafield>
    <datafield tag="650" ind1=" " ind2=" ">
      <subfield code="B">ahasa</subfield>
    </datafield>
    <datafield tag="905" ind1=" " ind2=" ">
      <subfield code="4">20 FIT n</subfield>
    </datafield>
    <datafield tag="336" ind1=" " ind2=" ">
      <subfield code="a"/>
    </datafield>
    <datafield tag="337" ind1=" " ind2=" ">
      <subfield code="a"/>
    </datafield>
    <datafield tag="338" ind1=" " ind2=" ">
      <subfield code="a"/>
    </datafield>
    <controlfield tag="005">20260702151432.0</controlfield>
    <controlfield tag="008">260702s2026\\\\\\\\\\\\\\\\\\\\\\\\\\\\\\\\\\\\\\\\\</controlfield>
  </record>
</collection>
